The Adjudicator's Toolkit and the Force of International Law : Comparing Trade and Investment Disputes /
Adjudicators have been placed at the forefront in the search for systemic order within the pluralist international legal order, acting as guardians of the international legal system. Yet, they do so under increasing pressure from the governments
المؤلف الرئيسي:
التنسيق: كتاب الكتروني
اللغة: English
منشور في:
Leiden ; Boston :
Brill | Nijhoff,
2024.
سلاسل:
International Law E-Books Online, Collection 2024.
الموضوعات:
الوصول للمادة أونلاين: Login to view Source
الوسوم: إضافة وسم
رقم الطلب: K2400
| LEADER | 02080nam a22004818i 4500 | ||
|---|---|---|---|
| 001 | BRILL9789004700932 | ||
| 003 | nllekb | ||
| 005 | 20240807140253.0 | ||
| 006 | m d | ||
| 007 | cr un uuuua | ||
| 008 | 240705s2024 gw sb 001 0 eng d | ||
| 020 | |a 9789004700932 |q (electronic book) | ||
| 020 | |z 9789004700925 |q (print) | ||
| 024 | 7 | |a 10.1163/9789004700932 |2 DOI | |
| 035 | |z (OCoLC)1433282453 | ||
| 040 | |a NL-LeKB |c NL-LeKB |e rda | ||
| 041 | |a eng | ||
| 050 | 4 | |a K2400 | |
| 072 | 7 | |a LAW |x 051000 |2 bisacsh | |
| 072 | 7 | |a LB |2 bicssc | |
| 082 | 0 | 4 | |a 343.08/7 |2 23 |
| 100 | 1 | |a Strain, Nicola, |e author. | |
| 245 | 1 | 4 | |a The Adjudicator's Toolkit and the Force of International Law : |b Comparing Trade and Investment Disputes / |c Nicola Strain. |
| 246 | 3 | |a Comparing Trade and Investment Disputes | |
| 264 | 1 | |a Leiden ; |a Boston : |b Brill | Nijhoff, |c 2024. | |
| 264 | 4 | |c ©2024 | |
| 300 | |a 1 online resource (400 pages) : |b illustrations. | ||
| 336 | |a text |b txt |2 rdacontent | ||
| 337 | |a computer |b c |2 rdamedia | ||
| 338 | |a online resource |2 rdacarrier | ||
| 490 | 1 | |a International Law E-Books Online, Collection 2024 | |
| 504 | |a Includes bibliographical references and index. | ||
| 520 | |a Adjudicators have been placed at the forefront in the search for systemic order within the pluralist international legal order, acting as guardians of the international legal system. Yet, they do so under increasing pressure from the governments | ||
| 546 | |a English | ||
| 588 | |a Description based on print version record. | ||
| 650 | 0 | |a Foreign trade regulation. | |
| 650 | 0 | |a International commercial arbitration. | |
| 650 | 0 | |a Investments, Foreign (International law) | |
| 776 | 0 | 8 | |i Print version: |t The Adjudicator's Toolkit and the Force of International Law : Comparing Trade and Investment Disputes |d Leiden ; Boston : Brill | Nijhoff, 2024. |z 9789004700925 |w (DLC) 2024017861 |
| 830 | 0 | |a International Law E-Books Online, Collection 2024. | |
| 856 | 4 | |z DOI: |u http://dx.doi.org/10.1163/9789004700932 | |
| 942 | |2 lcc |c EBOOK | ||
| 999 | |c 59210 |d 59210 | ||
